| 000 | 00953nam a2200289 a 4500 | ||
|---|---|---|---|
| 001 | 63104 | ||
| 003 | BD-RjUL | ||
| 005 | 20211209081147.0 | ||
| 008 | 170128s1986 nyu b 001 0 eng | ||
| 020 | _a0394339630 | ||
| 035 | _a(BD-RjUL)63232 | ||
| 040 |
_aDLC _cDLC _dBD-RjUL _beng |
||
| 041 | _aeng | ||
| 082 | 0 | 0 |
_a808.0427 _223 _bBEF 1986 |
| 245 | 0 | 0 |
_aBefore and after : _bthe shape and shaping of prose / _cedited by Donald L. Emblen and Arnold Solkov. |
| 250 | _a1st ed. | ||
| 260 |
_aNew York : _bRandom House, _cc1986. |
||
| 300 |
_axxx, 572 p. ; _c23 cm. |
||
| 504 | _aIncludes index and bibliography | ||
| 650 | 0 |
_aCollege readers. _9178377 |
|
| 650 | 0 |
_aEnglish language _xRhetoric _vProblems, exercises, etc. _9182560 |
|
| 650 | 0 |
_aReport writing _vProblems, exercises, etc. _9187758 |
|
| 700 | 1 |
_aEmblen, D. L. _q(Donald Lewis), _d1918- _9187759 |
|
| 700 | 1 |
_aSolkov, Arnold. _9187760 |
|
| 942 |
_2ddc _cBK |
||
| 999 |
_c63104 _d63104 |
||